| 000 | 00651nam a2200241Ia 4500 | ||
|---|---|---|---|
| 003 | OSt | ||
| 005 | 20221005032001.0 | ||
| 006 | a|||||r|||| 00| 0 | ||
| 007 | ta | ||
| 008 | 221004b |||||||| |||| 00| 0 tam d | ||
| 024 | _a63920 | ||
| 037 | _cTextual | ||
| 040 |
_aCRL _cCRL _btam |
||
| 041 |
_2tam _atam |
||
| 082 | _aV2:51xM69x, 31L02 | ||
| 100 |
_aM.L.Sabarirajan Au. _9584611 |
||
| 245 | 0 | _aGandhi | |
| 260 |
_aChennai _bThamil Eluthalar Kootturavu Sangam India _c1970 |
||
| 300 |
_a136p. _ccm. |
||
| 650 | _aHISTORY | ||
| 942 |
_hV2:51xM69x, 31L02 _cTEXL _2cc |
||
| 999 |
_c938848 _d938848 |
||